Normal view
MARC view
- Hayat, Sakander
Entry Personal Name
001 - CONTROL NUMBER
- control field: 16790
003 - CONTROL NUMBER IDENTIFIER
- control field: NUST
005 - DATE AND TIME OF LATEST TRANSACTION
- control field: 20190705054015.0
008 - FIXED-LENGTH DATA ELEMENTS
- fixed length control field: 190705|| aca||aabn | a|a d
040 ## - CATALOGING SOURCE
- Original cataloging agency: NUST
- Transcribing agency: NUST
100 ## - HEADING--PERSONAL NAME
- Personal name: Hayat, Sakander
670 ## - SOURCE DATA FOUND
- Source citation: Work cat.: (NUST): Hayat, Sakander, On Topological Indices of certain Graphs and Networks /, 2014.
